Good city form

Bewaard in:
Bibliografische gegevens
Hoofdauteur: Lynch, Kevin (autor)
Formaat: Boek
Taal:Engels
Gepubliceerd in: Cambridge Massachussetts Institute of Technology 1984
Editie:1a. ed
Onderwerpen:
Tags: Voeg label toe
Geen labels, Wees de eerste die dit record labelt!

MARC

LEADER 00000cam a2200000 a 4500
001 UCF1754
003 CL-VaPUC
008 120723e19840000US |||||||||||||||||eng|d
020 |a 9780262620468 
082 0 4 |a 711.4  |b LYN  |2 21 
100 |a Lynch, Kevin  |e autor  |9 563252 
245 1 0 |a Good city form 
250 |a 1a. ed 
300 |a 514 p 
942 |c BK 
945 |d 20120723 00:00:00  |a dcastane 
260 |a Cambridge  |b Massachussetts Institute of Technology  |c 1984 
650 0 |a Planificación urbana   |9 258176 
650 0 |a Urbanización   |9 265706 
650 0 |a Arquitectura urbana   |9 331978 
650 0 |a Ciudades  |9 265474 
650 0 |a Urbanismo  |9 255208 
583 |a last modification  |c 20120723 10:17:00  |k Rodrigo Vera 
999 |c 348442  |d 348440 
952 |0 0  |1 0  |4 0  |6 711_400000000000000_LYN_1984  |7 0  |8 R  |9 450449  |a BIBARQ  |b BIBARQ  |d 2019-11-22  |i 4885473  |o 711.4 LYN 1984  |p 4885473  |r 2025-01-20  |w 2019-11-22  |y BK_R  |k ARQ